| 000 | 00804na a2200277 4500 | ||
|---|---|---|---|
| 001 | 14644 | ||
| 003 | MIRAKIL | ||
| 005 | 20181213154735.0 | ||
| 008 | 160919b tu 000 0 | ||
| 020 | _a9756786027 | ||
| 035 | _a14644 | ||
| 040 |
_aMilas _btur _cTR-AnCHP |
||
| 082 |
_aATA 342.029 _bC36 1999 |
||
| 090 | _aATA 342.029 C36 1999 | ||
| 245 |
_aCepheden meclise _chazırlayanlar Hülya Yarar...[ve öte.] |
||
| 260 |
_aAnkara _bMilli Savunma Bakanlığı _c1999 |
||
| 300 |
_aviii, 448 s. _bfotg. _c30 sm. |
||
| 504 | _aKaynakça var. | ||
| 600 |
_aAtatürk, Mustafa Kemal _d1881-1938 |
||
| 650 |
_aAnayasalar _zTürkiye |
||
| 650 |
_aAnayasa _xTarih |
||
| 650 |
_aTBMM _xTarih |
||
| 650 |
_aYasama organları _xTarih _zTürkiye |
||
| 651 |
_aTürkiye _xAnayasa tarihi |
||
| 942 |
_2ddc _cBKS |
||
| 999 |
_c148 _d148 |
||